000
002710000a22000970004500
100
1
_a
Neira, Armando
245
1
0
_a
El pueblo Wayúu : Cultura, religión, economía, familia
300
_a
Vol. 36, Num. 36 (Febrero, 1994), Páginas 38-39
773
0
_t
Cambio 16
942
_c
ANA
999
_c
58390
_d
58390